000 00817nmm a2200301 a 4500
003 AR-BaBNM
005 20251128211817.0
008 226020n ||||||||||||||000 | spa||
020 _a987-20040-0-5
040 _cAR-BaBNM
245 1 0 _aPoder escribir
_bel libro de la escuela 62
250 _a1ª ed.
260 _aBuenos Aires
_bTalleres Gráficos Cogtal
_b2003
300 0 _a174 p.
_bil.
650 4 _aESCRITURA
650 4 _aREDACCION
650 4 _aCUENTOS
650 4 _aPOESIAS
650 4 _aENTREVISTAS
650 4 _aACTIVIDADES DE LA CLASE
651 4 _aBuenos Aires [Capital Federal]
653 0 _aPRODUCCION DE TEXTOS
653 0 _aENSENANZA DE LA LENGUA
653 0 _aPROYECTO EDUCATIVO INSTITUCIONAL
710 2 _aE.G.B. nº 62 [Buenos Aires]
942 _cBK
998 _cme-solo cat
999 _c21220
_d21220